Los Centros de formación familiar
Descripción Física:
23 p. ; 28 cm
MARC
| LEADER | 00000nam a2200000Ia 4500 | ||
|---|---|---|---|
| 001 | 23088 | ||
| 008 | 160829s9999 xx 000 0 cat d | ||
| 080 | |a FU-58-29 | ||
| 245 | |a Los Centros de formación familiar | ||
| 260 | |a Barcelona : |b C.D. de M.A.C., [19-- ?] | ||
| 300 | |a 23 p. ; |c 28 cm | ||
| 590 | |a Prové de R-294 | ||
| 650 | |a Dones |x Educació |9 46487 | ||
| 650 | 0 | |a Educació d'adults |9 31513 | |
| 901 | |a Arxiu | ||
| 942 | |n 1 | ||
| 952 | |0 0 |1 0 |4 0 |6 FU5829 |7 1 |9 50042 |a Arxiu |b Arxiu |d 2016-12-01 |l 0 |o FU-58-29 |p 23088 |r 2016-12-01 00:00:00 |w 2016-12-01 |y ARXIU | ||
| 999 | |c 53884 |d 53884 | ||